Shāmbuliyūn-- Lūjrān : khaṭawāt ʻalá arḍ Miṣr /

محفوظ في:

المؤلف الرئيسي: Ḥawwās, Zāhī A (مؤلف)

مؤلف مشترك: Majlis al-Aʿlá lil-Āthār (Egypt).

مؤلفون آخرون: Hosny, Farouk.

التنسيق: كتاب

اللغة: Arabic

منشور في: Cairo : Wizārat al-Thaqāfah, al-Majlis al-Aʻlá lil-Āthār, 2005.

الموضوعات:

الوسوم: إضافة وسم

لا توجد وسوم, كن أول من يضع وسما على هذه التسجيلة!

رقم الطلب: PJ1064 .C6 C25 2005

LEADER 01768namaa2200313 4500
001 19894
003 OSt
005 20230822102159.0
008 130303s2005 ua a c 000 0bara d
952 |0 0  |1 0  |2 lcc  |4 0  |6 PJ1064 C6 C25 02005  |7 1  |9 49652  |a ARCE  |b ARCE  |d 2023-08-22  |l 0  |o PJ1064 .C6 C25 2005  |p 1027014  |r 2023-08-22 00:00:00  |w 2023-08-22  |y BK 
999 |c 16702  |d 16702 
040 |c ARCE Library 
043 |a f-ua---  |a e-fr---  
050 4 |a PJ1064 .C6 C25 2005 
100 1 |6 880-01  |a Ḥawwās, Zāhī A,  |e author 
245 1 0 |6 880-02  |a Shāmbuliyūn-- Lūjrān :   |b khaṭawāt ʻalá arḍ Miṣr /   |c Zahi A Hawass ; Farouk Hosny ; Majlis al-Aʻlá lil-Āthār (Egypt). 
264 1 |a Cairo :  |b Wizārat al-Thaqāfah, al-Majlis al-Aʻlá lil-Āthār,   |c 2005. 
300 |a 93, [3] pages :   |b illustrations (chiefly color) ;   |c 32 cm. 
500 |a "Companion volume to an exhibition entitled (in English) "Champollion, Legrain ... Treading the Land of Egypt," originally held in Grenoble, France, and then in the centennial hall of the Egyptian Museum in Cairo". 
600 1 0 |a Champollion, Jean-François,  |d 1790-1832. 
600 1 0 |a Legrain, Georges Albert,  |d 1865-1917. 
650 0 |a Egyptologists  |z France  |v Exhibitions. 
651 0 |a Egypt  |x Antiquities  |v Exhibitions. 
700 1 |a Hosny, Farouk.  |9 32284 
710 2 |a Majlis al-Aʿlá lil-Āthār (Egypt). 
880 1 |6 100-01/(3/r  |a حواس، زاهي أ 
880 1 0 |6 245-02/(3/r  |a شامبليون -- لوجران :   |b خطوات على أرض مصر   |c زاهى حواس ؛ فاروق حسني، المجلس الأعلي للآثار (مصر‪(‪‪‪‪‪‪‪‪‪‪‪‪‪‪‪‪‪‪‪‪‪‪‪‪‪‪‪‪‪‪‪‪‪‪‪‪‪‪‪‪‪‪‪‪‪‪ 
901 |a reviewed 
942 |c BK  |2 lcc